00918nam a2200253 4500999001500000001000600015003000900021005001700030008004100047020001800088040003800106082002000144100002100164245011500185250001200300260005900312300002900371504003900400650004000439650003300479700002200512942001200534952011800546 c3759d375919394BD-DhUAP20210130161519.0200311r20101996nyu||||| b||| 001 0 eng d a9780393963359 aBD-DhUAPbEngcBD-DhUAPdBD-DhUAP 223a823.912 CON aConrad, Joseph.  aLord Jim : bauthoritative text, backgrounds, sources, criticism /cJoseph Conrad ; edited by Thomas C. Moser. a2nd ed. aNew York :bNorton & company,cc1996 [Reprinted 2010]. axiv, 506 pages ;c22 cm. aIncludes bibliographies and index. aMerchant marine--Officersvfiction. aBritishxFictionzIndonesia. aMoser, Thomas C.  2ddccBK 00102ddc4070aUAPCLbUAPCLcGeneral Stacksd2020-03-11o823.912 CONp3010019394r2020-03-11t1w2020-03-11yBK